000 00775nam a22002537a 4500
999 _c10714
_d10714
003 AR-CdUCM
008 190401b ||||| |||| 00| 0 spa d
040 _aMUNICIPALIDAD PROVINCIAL DEL CUSCO
_cBIBLIOTECA MUNICIPAL DEL CUSCO
041 _hfre
082 _a848.81 /
_bF56S / 1944
100 _aFlaubert, Gustave
_913727
245 _aSalambo :
_bNovela /
260 _aBuenos Aires :
_bSopena Argentina,
_c1944.
300 _a158 páginas ;
_c22 cm.
440 _aBiblioteca Mundial Sopena.
_910296
500 _aTexto en dos columnas.
505 _aContenido: Novela.
650 _aNovelas Francesas
_9571
650 _aLiteratura
_983
650 _aSiglo XIX
_9971
700 _aNavarro, Orlando Gil (traducción)
_927712
942 _2ddc
_cLIBROS
945 _aachl